[Event "US Open-119"]
[Site "Middleton"]
[Date "2018.08.01"]
[Round "5"]
[White "Hutton, Henry C"]
[Black "Shibut, Macon A"]
[Result "1/2-1/2"]
[WhiteElo "1723"]
[BlackElo "2161"]
[PlyCount "50"]
[EventDate "2018.07.28"]
[EventType "swiss"]
[EventRounds "9"]
[EventCountry "USA"]
[SourceTitle "CBM 185 Extra"]
[Source "ChessBase"]
[SourceDate "2018.07.29"]
[SourceVersion "1"]
[SourceVersionDate "2018.07.29"]
[SourceQuality "1"]

1. e4 g6 2. d4 Bg7 3. Nc3 d6 4. Be3 Nf6 5. f3 0-0 6. Qd2 e5 7. Nge2 exd4 8. Bxd4 Nc6 9. Be3 Ne5 10. Nf4 a6 11. 0-0-0 b5 12. Be2 Rb8 13. Nfd5 Nxd5 14. Nxd5 Be6 15. Kb1 c6 16. Nf4 Bc4 17. Qxd6 Qa5 18. Qa3 Qc7 19. c3 Rfd8 20. b3 g5 21. bxc4 bxc4+ 22. Kc2 gxf4 23. Rxd8+ Rxd8 24. Bd4 Bf8 25. Qxa6 c5 1/2-1/2